[Event "EU-chT (Men) 15th"]
[Site "Gothenburg"]
[Date "2005.08.04"]
[Round "6.2"]
[White "Hracek, Zbynek"]
[Black "Jobava, Baadur"]
[Result "1/2-1/2"]
[WhiteElo "2591"]
[BlackElo "2621"]
[Annotator "Gofshtein,L"]
[PlyCount "67"]
[EventDate "2005.07.30"]
[EventType "team-swiss"]
[EventRounds "9"]
[EventCountry "SWE"]
[SourceTitle "CBM 109"]
[Source "ChessBase"]
[SourceDate "2005.11.14"]
[SourceVersion "1"]
[SourceVersionDate "2005.11.14"]
[SourceQuality "1"]
[WhiteTeam "Czech Republic"]
[BlackTeam "Georgia"]
[WhiteTeamCountry "CZE"]
[BlackTeamCountry "GEO"]

1. e4 c5 2. Nf3 d6 3. d4 cxd4 4. Nxd4 Nf6 5. Nc3 Nc6 6. Bg5 e6 7. Qd2 Be7 8.
O-O-O O-O 9. Nb3 {White's other options are 9.f3 and 9.f4 which are more common
} a5 {Besides this move black has also 9...d5, 9...a6, 9...Qb6 and 9...h6.
Here is how the game may continue after this:} (9... d5 10. Bxf6 Bxf6 11. exd5
Bxc3 12. Qxc3 exd5 13. g3 Bg4 {1-0 Van der Wiel,J-Miralles,G/Cannes 1990/CBM
018/[Boensch,U] (26)}) (9... h6 10. Bxf6 Bxf6 11. Qxd6 Bxc3 12. bxc3 Qh4 13. g3
Qf6 14. Qc5 e5 {1-0 Chandler,M-Torre,E/London 1984/MCL (33)}) (9... a6 10. Bxf6
gxf6 11. f4 Kh8 12. f5 b5 13. Ne2 Re8 14. Nbd4 Nxd4 15. Nxd4 Bd7 16. g3 Rc8 17.
Bh3 Bf8 {0-1 Vitolinsh,A-Aseev,K/Porz 1991/EXT 97 (28)}) (9... Qb6 10. h4 Rd8
11. h5 h6 12. Be3 Qc7 13. f4 a6 14. Be2 b5 15. Bf3 d5 16. e5 Nd7 17. Qf2 Rb8
18. Kb1 Nb6 19. Ne2 Nc4 20. Ned4 a5 {0-1 Garcia,G-Wolff,P/Philadelphia 1991/
EXT 2003 (31)}) 10. a4 {another move is 10.a3, which shouldn't create any
special problems for black} (10. a3 h6 (10... a4 11. Nd4 d5 12. exd5 Nxd5 13.
Bxe7 Ncxe7 14. Bc4 Nb6 15. Ba2 Bd7 16. Qe3 Qc7 17. Ndb5 Bxb5 18. Nxb5 Qc6 19.
Nd4 Qc5 20. Nf3 Qxe3+ 21. fxe3 Nbd5 {1/2-1/2 Van der Wiel,J-Sosonko,G/Wijk aan
Zee 1988/CBM 005 (21)}) 11. Bxf6 Bxf6 12. Qxd6 Qxd6 13. Rxd6 a4 14. Nd2 Be7 15.
Rd3 Ne5 16. Rd4 Ng4 {and black is fine 1/2-1/2 Timman,J-Piket,J/Amsterdam 1996/
CBM 052 (57)}) 10... Qb6 {a rare move, black's main reply is 10...d5 and as
the games below show, he has enough counterplay in all the lines} (10... d5 11.
Bb5 Nb4 (11... Na7 12. e5 Nd7 13. Bxe7 Qxe7 14. f4 Nxb5 15. Nxb5 Nb6 16. Qd4
Nc4 17. Nd2 Nxd2 18. Rxd2 Bd7 19. Nd6 Bc6 20. Rd3 {0-1 Vydeslaver,A-Tseitlin,M/
Beersheba 1994/EXT 2004 (50) with advantage for white.}) 12. e5 (12. Rhe1 Bd7
$5 13. e5 Ne8 14. h4 $5 Nc7 15. Nd4 Nc6 16. Bxe7 Qxe7 17. Qg5 $5 f6 18. exf6
Qxf6 19. Nf3 Nxb5 20. Nxb5 (20. axb5 {Gurevich,D} Na7) 20... Rad8 21. Rd2 Qf4 {
1/2-1/2 Wang Zili-Gurevich,D/Belgrade 1988/TD/[Gurevich,D] (55) and black was
fine.}) 12... Ne8 13. Bxe7 Qxe7 14. f4 Nc7 15. Nd4 Bd7 16. Bxd7 Qxd7 17. Rhe1
Nc6 {0-1 Lau,R-Lobron,E/Bad Woerishofen 1989/TD (79) and black solved all his
problems.}) 11. Bb5 Rd8 {The position is quite "normal", the only difference
is that white got the b5 square, and black got b4.} 12. Qe2 (12. Rhe1 {White
got nothing after} Nb4 13. f3 Qc7 14. Kb1 e5 15. Na2 Nxa2 16. Kxa2 Be6 17. c4
d5 {0-1 Borik,O-Meins,G/Germany 1996/GER-chT (53) with advantage for black.}) (
12. h4 d5 13. Bxf6 (13. exd5 Nxd5 {is good for black}) 13... dxe4 (13... Bxf6
14. exd5 Bxc3 15. Qxc3 exd5 16. h5 {with some advantage for white}) 14. Qe2
Rxd1+ 15. Rxd1 Bxf6 16. Nxe4 Bxh4 17. Qh5 {with compensation for the pawn})
12... Qc7 13. h4 {White tries to advance his kingside pawns as soon as possible
} (13. f4 $6 h6 $1 {now white is forced to ezchange the bishop} 14. Bxf6 (14.
Bh4 $2 Nxe4 15. Bxe7 Nxc3 {with an extra pawn}) 14... Bxf6 {and black solved
his problems}) 13... Nb4 14. g4 Bd7 {Black finishes the development and frees
the c8 square for the rook} (14... d5 $2 {is strongly met by} 15. e5 Ne8 16.
Nd4 {and white has a clear plus}) 15. Bxd7 (15. h5 $5 {deserves attention}) (
15. Be3 $6 d5 $1 {now e4-e5 is impossible and black comfortably frees himself})
15... Qxd7 16. Nb5 Ne8 $1 {a strong decision, the knight goes to c7 and it
takes the sting out of g4-g5} (16... d5 17. Bxf6 (17. e5 Ne4 18. Bxe7 Qxe7 {
is good for black as white attacks nothing anymore, and black's pieces are
very active}) 17... Bxf6 18. c3 $1 {it is important to kick the black knight
out of b4 where it is placed very well} Rac8 19. Kb1 Na6 20. exd5 exd5 21. g5 {
with a small plus for white}) 17. c3 Na6 18. Be3 $1 {white tries to keep as
many pieces as possible, as he has more space} (18. Bxe7 Qxe7 $11) 18... Nac7
19. N3d4 (19. Bb6 {is simply met by} Qc6 20. Qe3 Ra6) 19... d5 (19... Rac8 20.
g5 {with a slight edge for white}) 20. e5 {obviously white prefers to keep the
centre closed} Nxb5 21. Qxb5 {white goes for an endgame, where the weakened
position of his king is of no importance} (21. Nxb5 Nc7 {the white king is
weakened which gives black a good perspectives in the middlegame}) 21... Nc7 (
21... Qc8 22. h5 Nc7 23. Qb3 $14) 22. Qxd7 Rxd7 23. f4 {white still has some
edge but black is solid} Bc5 24. Rhe1 (24. f5 {brings no immideate use for
white} Re8 (24... exf5 $2 25. gxf5 Re8 26. Bf4 $16) 25. Rhe1 {obviously white
should be better here but it's not clear how to make any progress}) 24... Re8
25. h5 (25. f5 {leads to the last note}) 25... f6 $6 {black should have waited,
to see what plan will white carry out, the sharpening of the game favours
white, as he's better prepared for complications} 26. exf6 {easies black's task
} (26. Nb3 $1 Bxe3+ 27. Rxe3 {[%cal Gb3a5,Gb3c5]} b6 28. Nd4 fxe5 29. Rxe5 Rf7
30. Rf1 Ref8 31. f5 {and white's advantage grows}) 26... gxf6 27. Nf3 (27. Nb3
{white could have forced the exchange of bishops with this move, though after}
Bxe3+ 28. Rxe3 b6 29. Nd4 Rg7 30. Rg1 h6 {followed by Kf7 and Reg8, black holds
}) 27... b6 $2 {a serious mistake after which black is on the verge of a defeat
} (27... Bxe3+ 28. Rxe3 Rg7 29. Rg1 h6 {now it seems that black is close to
equality}) 28. g5 Rf8 29. Bd4 $1 {allows white to seize the initiative} Bxd4
30. Nxd4 Rd6 31. gxf6 $6 (31. g6 $1 {was a very interesting chance, white has
good winning chances} hxg6 32. hxg6 Kg7 33. Nf5+ exf5 34. Re7+ Kxg6 35. Rg1+
Kh6 36. Re3 $18) 31... Kf7 $2 (31... Rxf6 32. Rg1+ Kf8 33. Rg4 Ne8 {and though
white is better, black is able to hold}) 32. Re5 $2 {the natural 32.f5 was
much stronger} (32. f5 $1 Re8 33. fxe6+ Nxe6 34. Nf5 Rd7 35. Rf1 {white could
keep his extra pawn and a good winning chances}) 32... Kxf6 33. h6 Na6 34. Nf3
{agrred to draw, black equalises after} (34. Nf3 Nc5 35. Ng5 Ke7 $1 {[%cal
Gf8f4,Yf8f6]} 36. Nxh7 Rh8 $11) 1/2-1/2

[Event "Corus-B"]
[Site "Wijk aan Zee"]
[Date "2004.01.25"]
[Round "13"]
[White "Dominguez Perez, Leinier"]
[Black "Nijboer, Friso"]
[Result "1-0"]
[WhiteElo "2605"]
[BlackElo "2586"]
[Annotator "Gofshtein,L"]
[PlyCount "49"]
[EventDate "2004.01.10"]
[EventType "tourn"]
[EventRounds "13"]
[EventCountry "NED"]
[EventCategory "13"]
[SourceTitle "CBM 099"]
[Source "ChessBase"]
[SourceDate "2004.03.30"]
[SourceVersion "1"]
[SourceVersionDate "2004.03.30"]
[SourceQuality "1"]

1. e4 {[%mdl 4]} c5 2. Nf3 Nc6 3. d4 cxd4 4. Nxd4 Nf6 5. Nc3 d6 6. Bg5 e6 7.
Qd2 Be7 8. O-O-O O-O 9. f3 a6 {9...Nd4 usually is just another move order} 10.
h4 Nxd4 {Other moves were also tried, for example:} (10... Qc7 11. g4 Rd8 (
11... b5 12. Nxc6 Qxc6 13. Bd3 Bb7 14. Kb1 Qc7 15. h5 $36 {1-0 Wengenroth,
W-Roos,T/Neuwied op 1993/GER 09 (35)}) (11... Bd7 12. Be3 Nxd4 13. Bxd4 Bc6 14.
h5 $14 {[%cal Gg4g5]}) 12. h5 (12. Kb1 Rb8 13. Be3 Nxd4 14. Bxd4 b5 15. g5 Nd7
16. Qg2 b4 17. Ne2 e5 18. Be3 Nc5 $14 {0-1 Tringov,G-Popovic,P/Stara Pazova
1988/Inf 46/[Popovic,P] (42)}) 12... h6 13. Be3 d5 14. e5 $44 {1-0 Pribyl,
M-Bach,E/Boblingen 1993 (32)}) (10... Bd7 11. Nxc6 $5 Bxc6 12. Ne2 Rc8 13. Nd4
Bd7 14. g4 Qc7 15. Kb1 Rfd8 16. Bd3 Be8 17. h5 Kh8 18. Be3 d5 19. e5 Qxe5 20.
g5 $36 {1-0 Mazi,L-Aseev,K/Wuerzburg ,EXT 1992 (31)}) (10... Ne8 11. Be3 Bf6
12. g4 $16 {1-0 Novotny-Cmiel/cr ch-CZE 1990 (20)}) 11. Qxd4 Qa5 {Other
continuations deserve attention as well} (11... Qc7 12. Kb1 b5 13. g4 Rd8 14.
h5 h6 15. Bh4 b4 16. Ne2 Bb7 17. Nc1 Rac8 18. Bd3 Qc5 19. Qxc5 dxc5 20. Bc4 $11
{1/2-1/2 Herrera,I-Garcia Ilundain,D/Guillermo Garcia mem Premier, Villa Cla
1998 (25)}) (11... b5 12. Bxf6 (12. Kb1 Bb7 13. Qd2 Rc8 14. Bd3 Nd7 $132 {
1-0 Bologan,V-Zvjaginsev,V/Belfort FRA 1999 (39)}) 12... gxf6 (12... Bxf6 13.
Qxd6 Qxd6 (13... Qa5 14. e5 $16) 14. Rxd6 Be5 15. Rd3 Bb7 16. Be2 $14) 13. Bd3
Bb7 $1 $132 (13... Kh8 $2 14. e5 $1 $36)) 12. Kb1 (12. Bd2 Qc5 13. Qxc5 dxc5
14. Bg5 h6 15. Bxf6 Bxf6 (15... gxf6 16. Na4 b5 17. Nb6 Ra7 18. Nxc8 Rxc8 $11 {
0-1 Kostic,V-Campos,J/Valjevo 1984 (57)}) 16. Na4 Bd4 17. Nb6 Rb8 18. c3 Be5
19. Bc4 Bc7 20. Nd7 Bxd7 21. Rxd7 Bf4+ $11) 12... b5 13. Qd2 (13. e5 dxe5 14.
Qxe5 Bb7 15. Bd3 (15. Bd2 Qb6 16. Be3 Qc6 17. Bd3 $11) 15... Rac8 $132 {
1-0 Luther,T-Guseinov,G/Plovdiv 2003/CBM 98 no vc (41)}) 13... b4 14. Ne2 e5 $5
{A typical move in this position. Black restricts the white knight and also
free the e6 square for his light-squared bishop.} (14... Qc7 15. g4 Bb7 16. Nd4
Rac8 17. h5 Bxe4 18. h6 g6 19. Bxf6 Bxf6 20. fxe4 Bxd4 21. Bxa6 $16 {1-0
Kristjansson,S-Muir,A/Plovdiv 2003/CBM 98 no vc (33)}) 15. Ng3 $146 {[%mdl 8]
A novelty. 15.Nc1 was previously played. As the practice shows in this case
black gets a fine counterplay} (15. Nc1 Be6 16. g4 Rad8 (16... Rfd8 17. Bxf6
Bxf6 18. g5 Be7 19. Bh3 d5 (19... Bc4 $132 {0-1 Tringov-Kuprejcik/Plovdiv 1980/
Inf 30 (41)}) (19... Bxh3 20. Rxh3 Rac8 $132) 20. Bxe6 fxe6 21. Nd3 Qc7 22. Qe2
(22. exd5 Rxd5 23. Qe2 $11) 22... Kh8 $132 {0-1 Mitenkov,N-Aseev,K/Russia (ch)
1995/Inf 65/ (55)}) 17. Bxf6 Bxf6 18. g5 Be7 19. Bh3 d5 {1/2-1/2 Balogh,
C-Breder,D/Budapest 2002/CBM 90 ext (34)}) 15... Be6 16. b3 Rfc8 {[%cal Rc8c2]
Black tries to activize his rook. 16...Rfd8 also deserved attention, preparing
d6-d5} (16... Rfd8 $5) 17. Bd3 Rc5 {17...Ra7 deserved attention preventing Nh5}
(17... Ra7 $5) 18. Nh5 {White plays actively, creating problems to the opponent
} Nxh5 19. Bxe7 Rac8 $2 {A big mistake after which white's advantage is
undoubtful. The correct 19...Rc6 gave black a fine counterplay} (19... Rc6 $5
20. Qg5 Qc7 21. Bxd6 Rxd6 22. Qxh5 Qc3 $44) 20. Bxd6 Rc3 {Black tries to
create threats against the white king, but probably underestimates white's
next move} 21. Qg5 $1 $16 {[%cal Rg5e5,Rg5h5] This not obvious move gives
white a clear edge} f6 (21... Nf6 22. Qxe5 Qb6) 22. Qxh5 Qa3 23. Bxe5 $1 (23.
Rd2 Bxb3 24. axb3 Rxb3+ 25. cxb3 Qxb3+ 26. Ka1 Qa3+ 27. Ra2 Qc3+ $11) 23... Bf7
$2 {Another mistake, leading to an immideate loss. Although, also after 23...
Qa5 or 23...g6 white has a clear advantage} (23... Qa5 24. Bxc3 Qxh5 25. Bxb4
$16) (23... g6 24. Qh6 fxe5 25. Qd2 $16) (23... fxe5 24. Qxe5 $18) 24. Qf5 R8c6
(24... fxe5 25. Bc4 R3xc4 26. bxc4 Re8 27. Qd7 $18) 25. Bc4 $1 $18 {[%cal
Rd1d8] Mating threats over the d-file and a big material advantage forces
black to resign} 1-0

[Event "Bundesliga 0304"]
[Site "Germany"]
[Date "2004.03.27"]
[Round "12.4"]
[White "Pelletier, Yannick"]
[Black "Borriss, Martin"]
[Result "1-0"]
[WhiteElo "2604"]
[BlackElo "2445"]
[Annotator "Gofshtein,L"]
[PlyCount "83"]
[EventDate "2003.11.01"]
[EventType "team-tourn"]
[EventRounds "15"]
[EventCountry "GER"]
[SourceTitle "CBM 100"]
[Source "ChessBase"]
[SourceDate "2004.06.01"]
[SourceVersion "1"]
[SourceVersionDate "2004.06.01"]
[SourceQuality "1"]
[WhiteTeam "Werder Bremen"]
[BlackTeam "Neukoelln"]
[WhiteTeamCountry "GER"]
[BlackTeamCountry "GER"]

1. e4 {Pelletier} c5 2. Nf3 d6 3. d4 cxd4 4. Nxd4 Nf6 5. Nc3 Nc6 6. Bg5 e6 7.
Qd2 Be7 8. O-O-O O-O 9. Nb3 {White tries to avoid the long and forced
variations after 9.f4 Nd4 10.Qd4 Qa5 and chooses a line which leads to less
tested positions.} a6 10. Bxf6 gxf6 {As the practice shows in case of 10...Bf6
black loses a pawn without sufficient compensation.} (10... Bxf6 11. Qxd6 Qb6
$6 $146 (11... Bxc3 12. bxc3 Qf6 (12... Qh4 $5 13. g3 Qf6 (13... Qxe4 $6 14.
Bd3 Qf3 15. Bxh7+ Kxh7 16. Qxf8 e5 17. Qc5 $16 {Chandler,M-Eising,J/OHRA 1984/
1-0 (48)}) 14. Qc5 e5 15. Bc4 $14 {[%cal Gd1d6] 1-0 Ivanovic,B-Popovic,P/Novi
Sad 1984 (40)}) 13. Qg3 b5 {1-0 Ginzburg,M-Ricardi,P/Buenos Aires ) In my
opinion black has not enough compensation for the sacrificed pawn.}) 12. Qc5 $1
Qc7 (12... Qxc5 13. Nxc5 b6 14. Nd3 Bxc3 15. bxc3 $14 {but white is better in
this ending;}) 13. Kb1 Be7 14. Qe3 b5 15. f4 {1-0 Perunovic,M-Damljanovic,B/
Belgrade )}) 11. f4 (11. Qh6 {(Pelletier) ist laut Theorie der
aussichtsreichste Zug. Nach der Partie erfuhr ich von meinem Gegner, dass er
damit als Weisser 1993 Leko schlug!}) 11... b5 12. Qe1 $5 $146 {[%cal Re1h4,
Yd1d3,Yd3h3][%mdl 8] A novelty. White's plan is simply to bring the heavy
pieces to the kingside. White also tried other moves in this position, which
usually give him better perspectives.} (12. Kb1 {'>=' Pelletier.} b4 13. Ne2 a5
14. f5 Kh8 (14... exf5 15. exf5 d5 16. Nbd4 Ne5 17. Ng3 Kh8 18. Be2 a4 19. Rhf1
Ba6 20. Rf4 $14 {1-0 Psakhis,L-Mikhalchishin,A/Frunze 1979/MCL (40)}) 15. Qh6
exf5 16. exf5 Bxf5 17. Ned4 Nxd4 18. Nxd4 Bg6 19. Bd3 $44 {0-1 Gavrikov,
V-Mikhalchishin,A/Rostov on Don 1980/EXT 99 (83)}) ({Pelletier: Auch hier gibt
es stärkere Züge.} 12. f5 {'>=' Pelletier.} b4 13. Ne2 a5 14. Nbd4 Qb6 15. Qh6
Kh8 16. Rd3 Rg8 17. Rh3 Rg7 18. Nxc6 Qxc6 19. Ng3 $40 {1-0 Nunn,J-Muir,A/
Lugano 1987/TD (24)}) 12... Kh8 {A natural profilactic move, black prepares to
put the rook on g8.} 13. Kb1 Rg8 {[%cal Rg8g2]} 14. f5 $5 {A typical attacking
plan. White tries to weaken the black's pawn structure on the kingside.} b4 {
Black tries to organize counterplay on the queenside. 14...Qb6 deserved
attention, the idea is to play Qe3 after the white knight retreats to e2.} (
14... Qb6 $5) 15. Ne2 e5 $6 {A dubious move. Black opens the c4-f7 diagonal.
15...Qc7 deserved attention.} (15... exf5 16. Ng3 $36) (15... Qc7 $5 16. Nf4 a5
$132) 16. Ng3 {[%cal Rg3h5,Rf1c4] White brings his knight to the kingside and
makes the way for his bishop.} a5 17. Bc4 $16 {[%csl Yf7][%cal Rc4f7] The
bishop dominates the a2-g8 diagonal and forces black to defend the f7 pawn.} a4
18. Nc1 {Pelletier: 'Hier war ich ziemlich zufrieden. Mir schien es, die
Kontrolle übernommen zu haben, wobei mein Gegner auch viel Zeit verbraucht
hatte.'} Qe8 19. Nf1 {[%cal Rf1e3,Re3d5] A positional decision, the knight is
transfered to an important central square d5.} ({Genauer war} 19. Nd3 {
Pelletier} Rb8 20. Bd5 $36) 19... Rb8 {Black protects the b4 pawn in advance
and plans to put his knight on d4.} (19... Rxg2 20. Ne3 Rg7 21. Nd5 Qf8 22. Rg1
$44) 20. Ne3 Nd4 21. Ne2 {White wishes to exchange black's active knight.
Pelletier: 'Deshalb hatte ich auch meinen Springer auf c1 gelassen. Den Nd4
wollte ich nicht tolerieren, aber mein Gegner hatte weiter gesehen. Sein
nächster Zug ruft grosse Komplikationen hervor.'} Bd8 $6 {[%cal Rd8b6] Black
tries to bring his dark squared bishop from a passive position on e7 to a more
active on b6. 21...Nb5 deserved attention, avoiding the exchange of his active
knight. '!' Pelletier.} (21... Nb5 $5 22. Nd5 {Pelletier} (22. Bd5 {Pelletier}
Nc7) 22... Ba6 23. Bd3 $14) 22. g3 $6 {Too slow. The simple 22.Nd4 led to an
advantage.} ({Pelletier: Die Möglichkeit} 22. Nxd4 $5 exd4 23. Rxd4 (23. Nd5 $1
{Pelletier} a3 24. Qh4 $1 Qe5 25. Nf4 {entging mir völlig, konnte aber einzig
noch Vorteil versprechen.}) 23... Bb6 (23... a3 $40 {Pelletier}) 24. Rd3 b3 25.
axb3 $16) 22... b3 $5 {Black takes advantage of white's inaccuracy and starts
his counterplay. '!' Pelletier.} 23. Nxd4 (23. cxb3 axb3 24. a3 Bb7 $132 25.
Bd5 $13 {Pelletier}) 23... exd4 24. Rxd4 Bb6 ({Nach} 24... Qe5 {Pelletier
rettet sich Weiss mittels} 25. Qc3 (25. c3 Bb6 26. Bd5 (26. Bxf7 Bxd4 27. Nc4
Qe7 28. Bxg8 Bf2 $1) 26... Bxd4 27. Nc4 Qe7 28. cxd4 Bb7 $17) 25... Ba5 (25...
Bb6 26. Rd3 Qxc3 27. Rxc3 bxa2+ 28. Kxa2 Bd4 29. Rd3 Rxb2+ 30. Ka3 Be5 31. Bxf7
$16) 26. Qd3 {und behält sogar einen kleinen Plus.}) 25. Rd3 Qxe4 $6 (25...
bxa2+ $5 {was better - with an active game.} 26. Bxa2 (26. Kxa2 {Pelletier}
Qxe4 27. Bd5 (27. Qc3 Qxh1 28. Qxf6+ Rg7 29. Rxd6 $11) 27... Qe5 28. Nc4 Qxe1
29. Rxe1 Bxf5 30. Rd2 Bc5 31. Bxf7 $14 {steht Weiss minimal besser, aber die
Partie sollte Remis enden.}) 26... Ba6 $132) 26. axb3 axb3 (26... Ba5 {
Pelletier} 27. Qc1 axb3 28. Bxb3 Ba6 29. Bd5 Qe5 30. Nc4 Bxc4 31. Bxc4 $16) 27.
Rxb3 (27. Bxb3 {Pelletier war meine erste Absicht, bis ich} Re8 $1 {entdeckte.}
(27... Ba6 28. Nc4 Rge8 29. Qxe4 Rxe4 30. Rc3 Bd4 31. Nxd6 Re7 32. Rf3 $14) {
Ich erschrak so, dass ich die Antwort} 28. Qd1 $1 $13 {übersah.}) 27... Ba5 {
Black has probably counted on this tactical strike. '?' Pelletier.} ({
Pelletier: Schlechter sind die Alternativen} 27... Re8 {'?' Pelletier.} 28.
Bxf7 Re5 29. Qd1 $16 {'+/-!' Pelletier.}) ({Nach} 27... Bb7 {Pelletier muss
Weiss die Qualität mittels} 28. Rxb6 Qxh1 29. Qxh1 Bxh1 {opfern. Er erhält
dafür aber zwei Bauern und ausreichendes Spiel. Die Chancen sind verteilt:} 30.
Rxd6 Rge8 31. Rd3 $14 (31. Ng4 $2 Re1+ 32. Ka2 Re4 $19)) ({und} 27... Bd7 $2 {
Pelletier} 28. Bxf7 (28. Bd5 $36) 28... Rgc8 29. Nc4 $1 Rxc4 30. Bxc4 Qxc4 31.
Qe7 $16) 28. Bd5 $1 {[%mdl 64] A strong move, that black didn't take in an
account.} (28. Rxb8 {Pelletier} Bxe1 29. Rxe1 $44) 28... Bxe1 {28...Qe5 was
also possible, but after a series of accurate moves white has a clear edge as
the analysis shows:} (28... Qe5 29. Qc1 (29. Qxa5 {Pelletier} Rxb3 30. Nc4 $1
Qxf5 31. g4 $1 $18 (31. Bxf7 Rf8 32. Qxf5 Bxf5 33. Nxd6 $14)) (29. Qf2 $2 {
Pelletier} Rxb3 30. Bxb3 Bb6 $19) 29... Bxf5 30. Nxf5 Qxd5 (30... Qxf5 31. Bxf7
Rxb3 32. Bxb3 $16) 31. Ne7 Qe4 32. Nxg8 (32. Re3 Qb7) 32... Rxb3 33. Nxf6 Qg6
34. Nd5 Rb5 35. Rd1 $16) 29. Bxe4 Rxb3 30. cxb3 Re8 $6 {After this move white
goes to a won endgame by force. 30...Bf2 was more stubborn.} (30... Bf2 $5 31.
Nd5 $5 (31. Nc4 Rd8 32. Rd1 d5 33. Rxd5 Rxd5 34. Bxd5 Bxf5+ $132) 31... Re8 32.
Rc1 $36 Ba6 33. Bc2 Bb7 34. Nxf6 $16) ({Nach} 30... Ba5 {Pelletier} 31. Rd1 Re8
32. Nc4 Rxe4 {ist} 33. Nxd6 $16 {stark}) 31. Rxe1 Rxe4 32. Nc2 (32. Rc1 $16 {
Pelletier}) 32... Bxf5 (32... Rxe1+ {Pelletier} 33. Nxe1 Bxf5+ 34. Kc1 $16 {/+-
}) 33. Rxe4 Bxe4 34. Kc1 {[%mdl 4096] A classical endgame has appeared where
white's passed b pawns and the blockade on the black pawns make white's win
only a matter of time.} Kg7 35. Nd4 $18 Kf8 {'(+)' Pelletier.} (35... f5 {
(Pelletier) reicht auch nicht aus:} 36. Nb5 $5 (36. Kd2 Kf6 37. Ke3 Ke5 38.
Nf3+ $6 Kd5 39. Ng5 $140 f6) 36... d5 37. Nd4 Kf6 38. Kd2 Ke5 39. Ke3 Kd6 40.
b4 $16) 36. Kd2 Ke7 37. Ke3 f5 {'?' Pelletier.} ({Verliert auf der Stelle, aber
} 37... Bg6 {(Pelletier) hätte nicht gerettet:} 38. Ne2 Kd7 39. Kd4 Bc2 40. b4
Kc6 41. Nc3 {usw.}) 38. Kf4 {The white king goes to the kingside.} Kf6 39. b4 {
Now the advance of the pawn decides.} Bd3 (39... d5 40. b5 Ke7 41. Kg5 Kd6 42.
Kf6 Kc5 43. b4+ Kb6 44. Kxf7 $18) 40. b5 $18 h5 41. b6 Ba6 42. Nc6 1-0